Logistický informačný systém (ERP Enterprise Resource Planning systém KARAT)

Charakteristika pojmov ako sú logistika, systém ERP (Enterprise Resource Planning), zákaznícky servis, CRM (Customer Relationship Managemet) a Business Intelligence (BI).

Saved in:
Bibliographic Details
Main Author: Košťanová, Katarína
Other Authors: Šefčíková, Denisa
Format: Book Chapter
Language:Slovak
Subjects:
Tags: Add Tag
No Tags, Be the first to tag this record!

MARC

LEADER 00000nla a2200000 4500
001 0240531
005 20240502073918.2
041 0 |a slo 
044 |a SK 
245 1 0 |a Logistický informačný systém (ERP Enterprise Resource Planning systém KARAT)  |c Katarína Košťanová, Denisa Šefčíková 
520 |a Charakteristika pojmov ako sú logistika, systém ERP (Enterprise Resource Planning), zákaznícky servis, CRM (Customer Relationship Managemet) a Business Intelligence (BI). 
610 2 0 |a podnik 
610 2 0 |a logistika 
610 2 0 |a systémy informačné logistické 
610 2 0 |a riadenie vzťahov so zákazníkmi 
610 2 0 |a business intelligence 
100 1 |a Košťanová, Katarína 
700 1 |a Šefčíková, Denisa